🍍 Top 20 Pineapple producing countries - Statistics

General Stats
  • This quiz has been taken 399 times
  • The average score is 12 of 20
Answer Stats
Answer Tonnes % Correct
Brazil 2,426,526
93%
India 1,711,000
92%
China 1,727,607
90%
Mexico 1,041,161
90%
Indonesia 2,196,456
87%
Colombia 1,008,687
81%
Peru 568,907
75%
Thailand 1,679,668
75%
Philippines 2,747,856
71%
Venezuela 485,964
71%
Vietnam 707,880
71%
Guatemala 358,560
56%
Costa Rica 3,328,100
55%
Nigeria 1,671,440
52%
Dominican Republic 461,025
48%
Tanzania 454,008
40%
Ghana 743,098
36%
Angola 870,257
26%
Taiwan 431,084
22%
Benin 355,854
9%
No matching quizzes found
Score Distribution
Percent of People with Each Score
Percentile by Number Answered
Your Score History
You have not taken this quiz